[Event "CAN-ch U20"]
[Site "Victoria CAN"]
[Date "2009.07.27"]
[Round "6"]
[White "Calugar, Arthur"]
[Black "Cheng, Jack"]
[Result "1-0"]
[WhiteElo "2226"]
[BlackElo "2048"]
[PlyCount "87"]
[GameId "2160767910093455"]
[EventDate "2009.07.25"]
[EventType "swiss"]
[EventRounds "7"]
[EventCountry "CAN"]
[SourceTitle "EXT 2011"]
[Source "ChessBase"]
[SourceDate "2011.11.26"]
[SourceVersion "1"]
[SourceVersionDate "2011.11.26"]
[SourceQuality "1"]

1. Nf3 Nf6 2. b3 g6 3. Bb2 Bg7 4. g3 O-O 5. Bg2 d5 6. c4 c6 7. O-O Bf5 8. d3 dxc4 9. bxc4 Bg4 10. Nbd2 Nbd7 11. h3 Bxf3 12. Nxf3 Nh5 13. Bxg7 Nxg7 14. Rb1 Rb8 15. Qa4 a6 16. d4 Qc7 17. Rfd1 Rfe8 18. Nd2 Nf5 19. Ne4 Nd6 20. Qc2 Nxe4 21. Bxe4 Nf6 22. f4 Nxe4 23. Qxe4 b5 24. cxb5 cxb5 25. Rbc1 Qa5 26. Rc2 e6 27. Rdc1 Qa3 28. Kg2 a5 29. Qf3 Qa4 30. Qd3 b4 31. h4 Qd7 32. h5 Rec8 33. e4 Rxc2+ 34. Rxc2 Rc8 35. Rxc8+ Qxc8 36. d5 Qc3 37. Qd1 exd5 38. exd5 gxh5 39. d6 Qc6+ 40. Kh2 Qd7 41. Qd5 a4 42. Qg5+ Kh8 43. Qe7 Qc6 44. Qf8# 1-0

[Event "CAN-ch U20"]
[Site "Victoria CAN"]
[Date "2009.07.27"]
[Round "6"]
[White "Marinkovic, Mate"]
[Black "Li, Changhe"]
[Result "1/2-1/2"]
[WhiteElo "2078"]
[BlackElo "2065"]
[PlyCount "125"]
[GameId "2160767910093456"]
[EventDate "2009.07.25"]
[EventType "swiss"]
[EventRounds "7"]
[EventCountry "CAN"]
[SourceTitle "EXT 2011"]
[Source "ChessBase"]
[SourceDate "2011.11.26"]
[SourceVersion "1"]
[SourceVersionDate "2011.11.26"]
[SourceQuality "1"]

1. d4 d5 2. Nf3 Nf6 3. Bg5 Ne4 4. Bf4 c6 5. e3 Qb6 6. Qc1 Bf5 7. Bd3 Nd7 8. Ne5 Nxe5 9. Bxe5 f6 10. Bg3 e6 11. Nd2 Nxd2 12. Qxd2 Qxb2 13. O-O Bb4 14. Qe2 Bxd3 15. Qxd3 Qc3 16. Qe2 O-O 17. Rab1 c5 18. dxc5 Qxc5 19. Qg4 a5 20. a3 Bxa3 21. Rxb7 Rf7 22. Qxe6 Raf8 23. Rxf7 Rxf7 24. h3 Qxc2 25. Qxd5 Qc5 26. Qe6 g6 27. Rd1 Kg7 28. Bd6 Qc2 29. Ra1 Bxd6 30. Qxd6 Qc7 31. Qxc7 Rxc7 32. Rxa5 g5 33. Kh2 Kg6 34. Kg3 Rc3 35. Kf3 Rc2 36. g4 h5 37. gxh5+ Kxh5 38. Kg3 Rc1 39. h4 Rg1+ 40. Kh2 Re1 41. hxg5 fxg5 42. Kg3 Kg6 43. Kf3 Rd1 44. Ra3 Rd2 45. e4 Rd6 46. Re3 Rf6+ 47. Kg3 Re6 48. Kg4 Kf6 49. f3 Kg6 50. Rd3 Rf6 51. Rd5 Rf4+ 52. Kg3 Kf6 53. Rd6+ Kf7 54. Ra6 Kg7 55. Ra7+ Kf6 56. Ra6+ Kf7 57. Ra7+ Kf6 58. Ra8 Kf7 59. Ra1 Kf6 60. Rg1 Kg6 61. Kf2 Rf7 62. Ke3 Kf6 63. Ra1 1/2-1/2

[Event "CAN-ch U20"]
[Site "Victoria CAN"]
[Date "2009.07.27"]
[Round "6"]
[White "Zhang, David"]
[Black "Rakov, Pavel"]
[Result "1/2-1/2"]
[WhiteElo "2114"]
[BlackElo "2175"]
[PlyCount "70"]
[GameId "2160767910093459"]
[EventDate "2009.07.25"]
[EventType "swiss"]
[EventRounds "7"]
[EventCountry "CAN"]
[SourceTitle "EXT 2011"]
[Source "ChessBase"]
[SourceDate "2011.11.26"]
[SourceVersion "1"]
[SourceVersionDate "2011.11.26"]
[SourceQuality "1"]

1. e4 c5 2. Nf3 Nc6 3. Bb5 g6 4. O-O Bg7 5. c3 Nf6 6. Re1 O-O 7. d4 cxd4 8. cxd4 d5 9. e5 Ne4 10. Nbd2 Nxd2 11. Bxd2 Qb6 12. Bxc6 bxc6 13. Qc1 Bg4 14. Qc3 Bxf3 15. gxf3 Rfc8 16. b4 e6 17. a3 Bf8 18. Rac1 Qb5 19. Rc2 a5 20. bxa5 c5 21. Rb2 Qa4 22. dxc5 Bxc5 23. Qb3 Qxa3 24. Qxa3 Bxa3 25. Ra2 Bc5 26. Kf1 Bd4 27. f4 Rc6 28. Rb1 Kg7 29. Rb4 Bc5 30. Rb5 Raa6 31. Ke2 Ba7 32. Be1 Rc4 33. Bd2 h5 34. Kf3 Rc7 35. Bb4 Rc4 1/2-1/2

[Event "CAN-ch U20"]
[Site "Victoria CAN"]
[Date "2009.07.27"]
[Round "7"]
[White "Cheng, Jack"]
[Black "Marinkovic, Mate"]
[Result "1/2-1/2"]
[WhiteElo "2048"]
[BlackElo "2078"]
[PlyCount "59"]
[GameId "2160767910093461"]
[EventDate "2009.07.25"]
[EventType "swiss"]
[EventRounds "7"]
[EventCountry "CAN"]
[SourceTitle "EXT 2011"]
[Source "ChessBase"]
[SourceDate "2011.11.26"]
[SourceVersion "1"]
[SourceVersionDate "2011.11.26"]
[SourceQuality "1"]

1. e4 c5 2. Nf3 e6 3. d4 cxd4 4. Nxd4 Nc6 5. Nc3 Qc7 6. Be2 a6 7. O-O Nf6 8. Be3 Bb4 9. Na4 Be7 10. Nxc6 bxc6 11. Nb6 Rb8 12. Nxc8 Qxc8 13. Bd4 c5 14. Be5 Rb6 15. Qd3 Qc6 16. f3 O-O 17. c4 d6 18. Bc3 e5 19. b3 Ne8 20. Ba5 Rb8 21. Rab1 Bd8 22. Bxd8 Rxd8 23. Qc3 Qb6 24. Kh1 a5 25. a3 Rb8 26. Rb2 Nc7 27. Rfb1 Na6 28. Bd3 Rb7 29. Qd2 Rd8 30. Bc2 1/2-1/2

[Event "CAN-ch U20"]
[Site "Victoria CAN"]
[Date "2009.07.27"]
[Round "7"]
[White "Li, Changhe"]
[Black "Martchenko, Alexander"]
[Result "1/2-1/2"]
[WhiteElo "2065"]
[BlackElo "2302"]
[PlyCount "111"]
[GameId "2160767910093462"]
[EventDate "2009.07.25"]
[EventType "swiss"]
[EventRounds "7"]
[EventCountry "CAN"]
[SourceTitle "EXT 2011"]
[Source "ChessBase"]
[SourceDate "2011.11.26"]
[SourceVersion "1"]
[SourceVersionDate "2011.11.26"]
[SourceQuality "1"]

1. e4 e5 2. Nc3 Nf6 3. g3 Bc5 4. Bg2 d6 5. Nge2 Bg4 6. d3 h6 7. O-O Qd7 8. Be3 Bb6 9. Bxb6 axb6 10. Qd2 Nc6 11. f3 Be6 12. f4 Bh3 13. d4 Bxg2 14. Kxg2 exd4 15. Nxd4 O-O 16. Rae1 Rfe8 17. a3 Rad8 18. Ndb5 Nb8 19. a4 Na6 20. Qd4 Nc5 21. Nd5 Nxd5 22. exd5 Qf5 23. Nxc7 Rxe1 24. Rxe1 Qxc2+ 25. Kh3 Nd3 26. Ne8 Nf2+ 27. Kg2 Ng4+ 28. Kh3 Nf2+ 29. Kg2 Ne4+ 30. Kf3 Nd2+ 31. Kg2 Nb3+ 32. Qf2 Qf5 33. Qxb6 Qxd5+ 34. Kh3 Rd7 35. Re3 Nc5 36. Qb5 Qc6 37. Rc3 Qc8 38. b4 Qxe8 39. bxc5 Qe6+ 40. f5 Qxf5+ 41. g4 Qe6 42. c6 bxc6 43. Qxc6 d5 44. a5 d4 45. Qxe6 fxe6 46. Rd3 e5 47. Kg3 e4 48. Rd1 g5 49. a6 d3 50. Kf2 Kf7 51. Ke3 Ke6 52. Kxe4 Ra7 53. Rxd3 Rxa6 54. h3 Ra1 55. Re3 Kf6 56. Rf3+ 1/2-1/2

[Event "CAN-ch U20"]
[Site "Victoria CAN"]
[Date "2009.07.27"]
[Round "7"]
[White "Sapozhnikov, Roman"]
[Black "Zhang, David"]
[Result "1-0"]
[WhiteElo "2350"]
[BlackElo "2114"]
[PlyCount "57"]
[GameId "2160767910093464"]
[EventDate "2009.07.25"]
[EventType "swiss"]
[EventRounds "7"]
[EventCountry "CAN"]
[SourceTitle "EXT 2011"]
[Source "ChessBase"]
[SourceDate "2011.11.26"]
[SourceVersion "1"]
[SourceVersionDate "2011.11.26"]
[SourceQuality "1"]

1. e4 c6 2. d4 d5 3. e5 Bf5 4. Nf3 e6 5. Be2 c5 6. Be3 cxd4 7. Nxd4 Ne7 8. O-O Bg6 9. Nd2 Nec6 10. N2f3 Be7 11. c4 dxc4 12. Bxc4 a6 13. Qe2 O-O 14. Rfd1 Qc7 15. Rac1 Nd7 16. Nxe6 fxe6 17. Bxe6+ Bf7 18. Rxd7 Qa5 19. Bxf7+ Rxf7 20. e6 Rf6 21. Rxc6 bxc6 22. Rxe7 Qb4 23. Rd7 Rxe6 24. Ng5 Re5 25. a3 Qb3 26. Qh5 h6 27. Qg6 Rxg5 28. Rxg7+ Kf8 29. Qf6+ 1-0

[Event "CAN-ch U20"]
[Site "Victoria CAN"]
[Date "2009.07.27"]
[Round "7"]
[White "Zhu, Zheng"]
[Black "Calugar, Arthur"]
[Result "0-1"]
[WhiteElo "1581"]
[BlackElo "2226"]
[PlyCount "118"]
[GameId "2160767910093466"]
[EventDate "2009.07.25"]
[EventType "swiss"]
[EventRounds "7"]
[EventCountry "CAN"]
[SourceTitle "EXT 2011"]
[Source "ChessBase"]
[SourceDate "2011.11.26"]
[SourceVersion "1"]
[SourceVersionDate "2011.11.26"]
[SourceQuality "1"]

1. e4 c5 2. Nf3 Nc6 3. c3 d5 4. exd5 Qxd5 5. d4 Nf6 6. c4 Qe4+ 7. Be3 cxd4 8. Nxd4 Nxd4 9. Qxd4 e5 10. Qxe4 Nxe4 11. Bd3 Nc5 12. Bc2 Be6 13. b3 Be7 14. O-O O-O 15. Nc3 f5 16. Rad1 Rad8 17. f3 a5 18. Nb5 Na6 19. Kh1 a4 20. Bb6 Rd7 21. Rxd7 Bxd7 22. Rd1 Bc6 23. bxa4 Bc5 24. Bxc5 Nxc5 25. Kg1 g6 26. Kf2 Kf7 27. Nd6+ Ke6 28. Ke2 Ra8 29. Nb5 Ra5 30. Rd8 Nxa4 31. Rh8 h5 32. g4 hxg4 33. fxg4 e4 34. Nd4+ Ke5 35. Nxc6+ bxc6 36. gxf5 gxf5 37. Bb3 Nc5 38. h4 Nxb3 39. axb3 Ra2+ 40. Ke1 Kd4 41. h5 Ke3 42. Kd1 Rh2 43. b4 f4 44. b5 cxb5 45. cxb5 f3 46. b6 f2 47. Rf8 Rh1+ 48. Kc2 f1=Q 49. Rxf1 Rxf1 50. b7 Rf8 51. h6 Kf2 52. h7 e3 53. Kd3 e2 54. Kc4 e1=Q 55. Kb5 Qc3 56. Kb6 Rf6+ 57. Kb5 Rf5+ 58. Kb6 Qc5+ 59. Ka6 Qa5# 0-1

[Event "CAN-ch post-secondary"]
[Site "Kingston CAN"]
[Date "2009.01.16"]
[Round "1"]
[White "Cheng, Bindi"]
[Black "Chartrand, Jean Bruno"]
[Result "1-0"]
[WhiteElo "2369"]
[BlackElo "2004"]
[PlyCount "69"]
[GameId "2160767910273290"]
[EventDate "2009.01.16"]
[EventType "team"]
[EventRounds "5"]
[EventCountry "CAN"]
[SourceTitle "EXT 2011"]
[Source "ChessBase"]
[SourceDate "2011.11.26"]
[SourceVersion "1"]
[SourceVersionDate "2011.11.26"]
[SourceQuality "1"]

1. e4 Nf6 2. Nc3 d5 3. exd5 Nxd5 4. Bc4 Nb6 5. Bb3 Nc6 6. Qf3 e6 7. Nge2 Be7 8. d3 O-O 9. h4 Bd7 10. Qg3 Kh8 11. a3 Bd6 12. f4 Ne7 13. Bd2 Nf5 14. Qf2 Be7 15. O-O-O Bc6 16. Rh3 Bf6 17. g4 Nd4 18. Nxd4 Bxd4 19. Qh2 a5 20. Ne2 Bc5 21. h5 a4 22. Ba2 Nd5 23. g5 b5 24. c4 Ne7 25. Bc3 Kg8 26. g6 fxg6 27. hxg6 hxg6 28. d4 Bb6 29. d5 exd5 30. cxd5 Bxd5 31. Rxd5 Nxd5 32. Rh7 Kf7 33. Qg2 c6 34. Rxg7+ Ke6 35. Qe4+ 1-0

[Event "CAN-ch post-secondary"]
[Site "Kingston CAN"]
[Date "2009.01.16"]
[Round "1"]
[White "Donev, Danail"]
[Black "Derraugh, Geordie"]
[Result "1-0"]
[WhiteElo "1817"]
[BlackElo "2090"]
[PlyCount "145"]
[GameId "2160767910273291"]
[EventDate "2009.01.16"]
[EventType "team"]
[EventRounds "5"]
[EventCountry "CAN"]
[SourceTitle "EXT 2011"]
[Source "ChessBase"]
[SourceDate "2011.11.26"]
[SourceVersion "1"]
[SourceVersionDate "2011.11.26"]
[SourceQuality "1"]

1. e4 e5 2. Nf3 Nc6 3. d4 exd4 4. Nxd4 Bc5 5. Nb3 Bb6 6. a4 a6 7. Nc3 d6 8. Qe2 Be6 9. Nd5 Nd4 10. Nxd4 Bxd4 11. c3 Ba7 12. Nf4 Bd7 13. g3 Ne7 14. Bg2 Qc8 15. Be3 Bxe3 16. Qxe3 O-O 17. O-O Rb8 18. Nh5 f6 19. Nf4 Qe8 20. a5 Kh8 21. Rfe1 Qf7 22. b4 Rbe8 23. Qd2 Bc6 24. Nd5 Nxd5 25. exd5 Bd7 26. Rxe8 Rxe8 27. Re1 Kg8 28. Rxe8+ Qxe8 29. Qe3 Qxe3 30. fxe3 f5 31. Kf2 Kf7 32. e4 Kf6 33. Ke3 Ke5 34. c4 g5 35. exf5 Bxf5 36. c5 Bc2 37. c6 bxc6 38. dxc6 Ba4 39. Bf1 Kd5 40. Bxa6 Kxc6 41. Bd3 h6 42. Bg6 Kb7 43. Bd3 Kc6 44. Kd4 Bb5 45. Be4+ Kd7 46. h4 Ba6 47. hxg5 hxg5 48. Bc2 c6 49. Ke4 Ke6 50. Ba4 Bb7 51. a6 Ba8 52. Bb3+ Kf6 53. Kd4 Kf5 54. Bd1 Kf6 55. Bf3 Ke7 56. b5 Kd7 57. b6 Kc8 58. b7+ Bxb7 59. axb7+ Kxb7 60. Ke4 Kc7 61. Kf5 Kd7 62. Kxg5 d5 63. Kf6 Ke8 64. Ke6 Kf8 65. Kd6 d4 66. Kxc6 Ke7 67. Kd5 d3 68. Kd4 d2 69. Kd3 Kf6 70. Kxd2 Ke5 71. Ke3 Kf6 72. Kf4 Kg6 73. Kg4 1-0

[Event "CAN-ch post-secondary"]
[Site "Kingston CAN"]
[Date "2009.01.16"]
[Round "1"]
[White "Longo, Tyler"]
[Black "Ng, Gary"]
[Result "0-1"]
[WhiteElo "1973"]
[BlackElo "2240"]
[PlyCount "142"]
[GameId "2160767910273293"]
[EventDate "2009.01.16"]
[EventType "team"]
[EventRounds "5"]
[EventCountry "CAN"]
[SourceTitle "EXT 2011"]
[Source "ChessBase"]
[SourceDate "2011.11.26"]
[SourceVersion "1"]
[SourceVersionDate "2011.11.26"]
[SourceQuality "1"]

1. d4 d5 2. Nf3 Nf6 3. e3 c6 4. b3 Bg4 5. Nbd2 Ne4 6. Bb2 e6 7. Be2 Bb4 8. O-O Nc3 9. Bxc3 Bxc3 10. Rb1 Qa5 11. b4 Bxb4 12. Nb3 Qc7 13. c4 dxc4 14. Bxc4 O-O 15. Nbd2 c5 16. dxc5 Bxc5 17. Qb3 b6 18. Ne4 Nd7 19. Rbc1 Bf5 20. Ng3 Bg6 21. Nh4 Qe5 22. Nxg6 hxg6 23. Rfd1 Nf6 24. Rd2 Rfd8 25. Rcd1 Rxd2 26. Rxd2 Ng4 27. Rd3 Qf6 28. Rd2 Qh4 29. Nf1 Ne5 30. Be2 Rd8 31. Qc3 Rxd2 32. Qxd2 Qb4 33. Qd8+ Bf8 34. Qc7 Qb2 35. Ng3 a5 36. h3 Bc5 37. Qd8+ Kh7 38. Qh4+ Kg8 39. Qd8+ Bf8 40. Qc7 g5 41. a4 Ng6 42. Bb5 Qa1+ 43. Kh2 Qf6 44. Ne4 Qf5 45. Bc6 Qe5+ 46. Qxe5 Nxe5 47. Bb5 f6 48. Kg1 Bb4 49. Kf1 Kf7 50. Ke2 Ke7 51. Kd1 Nf7 52. Kc2 f5 53. Ng3 Be1 54. Nh1 Nd6 55. Bd3 Kd7 56. Kd1 Bc3 57. Kc2 Be5 58. f3 Kc6 59. Nf2 Kc5 60. Kb3 Bg3 61. Nd1 Be1 62. Nb2 Bf2 63. Bxf5 Nxf5 64. Nd3+ Kc6 65. Nxf2 Nxe3 66. Ne4 Nxg2 67. Nxg5 Kd5 68. Kc3 Nf4 69. h4 Ng6 70. Nh3 Nxh4 71. Nf4+ Kd6 0-1

[Event "CAN-ch post-secondary"]
[Site "Kingston CAN"]
[Date "2009.01.17"]
[Round "2"]
[White "Derraugh, Geordie"]
[Black "Yang, Minjie"]
[Result "1-0"]
[WhiteElo "2090"]
[BlackElo "2213"]
[PlyCount "61"]
[GameId "2160767910273296"]
[EventDate "2009.01.16"]
[EventType "team"]
[EventRounds "5"]
[EventCountry "CAN"]
[SourceTitle "EXT 2011"]
[Source "ChessBase"]
[SourceDate "2011.11.26"]
[SourceVersion "1"]
[SourceVersionDate "2011.11.26"]
[SourceQuality "1"]

1. e4 e5 2. Nf3 Nc6 3. Bc4 Bc5 4. c3 d6 5. d4 exd4 6. cxd4 Bb4+ 7. Bd2 Bxd2+ 8. Nbxd2 Qf6 9. Bb5 Bd7 10. Bxc6 Bxc6 11. Qb3 Ne7 12. d5 Bd7 13. Qxb7 O-O 14. O-O Rfc8 15. Rfc1 Rab8 16. Qxa7 Rxb2 17. Qa3 Rb7 18. Qc3 Qxc3 19. Rxc3 c5 20. dxc6 Nxc6 21. Rd3 Nb4 22. Rxd6 Bb5 23. h4 g6 24. a4 Ra7 25. Rb1 Rxa4 26. Rb6 Rc5 27. Nd4 Bd3 28. R1xb4 Ra1+ 29. Kh2 Rd1 30. N2b3 Bxe4 31. Nxc5 1-0

[Event "CAN-ch post-secondary"]
[Site "Kingston CAN"]
[Date "2009.01.17"]
[Round "2"]
[White "Ng, Gary"]
[Black "Stevens, Christian"]
[Result "0-1"]
[WhiteElo "2240"]
[BlackElo "2396"]
[PlyCount "56"]
[GameId "2160767910273297"]
[EventDate "2009.01.16"]
[EventType "team"]
[EventRounds "5"]
[EventCountry "CAN"]
[SourceTitle "EXT 2011"]
[Source "ChessBase"]
[SourceDate "2011.11.26"]
[SourceVersion "1"]
[SourceVersionDate "2011.11.26"]
[SourceQuality "1"]

1. b4 c6 2. Bb2 a5 3. b5 cxb5 4. e3 b4 5. a3 bxa3 6. Bxa3 Nf6 7. c4 d6 8. Nc3 g6 9. Qb3 Bg7 10. d4 O-O 11. Bd3 e5 12. Nge2 exd4 13. exd4 a4 14. Nxa4 Bg4 15. O-O Nc6 16. Bb2 d5 17. Qxb7 dxc4 18. Bxc4 Na5 19. Qb4 Rb8 20. Qc3 Ne4 21. Qc2 Nxc4 22. Qxc4 Nd2 23. Qd3 Nxf1 24. Kxf1 Re8 25. f3 Bd7 26. Nec3 Bf5 27. Ne4 Qh4 28. Re1 Bd7 0-1

[Event "CAN-ch post-secondary"]
[Site "Kingston CAN"]
[Date "2009.01.17"]
[Round "3"]
[White "Ferreira, Alex"]
[Black "Kapadia, Ronak"]
[Result "1-0"]
[WhiteElo "2017"]
[BlackElo "2172"]
[PlyCount "149"]
[GameId "2160767910273301"]
[EventDate "2009.01.16"]
[EventType "team"]
[EventRounds "5"]
[EventCountry "CAN"]
[SourceTitle "EXT 2011"]
[Source "ChessBase"]
[SourceDate "2011.11.26"]
[SourceVersion "1"]
[SourceVersionDate "2011.11.26"]
[SourceQuality "1"]

1. e4 c6 2. d3 d5 3. Nc3 dxe4 4. dxe4 Qxd1+ 5. Nxd1 Nd7 6. Bc4 Ngf6 7. f3 Ne5 8. Bb3 e6 9. Ne2 Bb4+ 10. Bd2 Bxd2+ 11. Kxd2 a5 12. a4 Ke7 13. Ne3 Rd8+ 14. Ke1 b6 15. Nc4 Nxc4 16. Bxc4 Ra7 17. Nf4 Rad7 18. Nd3 Rd4 19. b3 Bb7 20. Rd1 Ne8 21. Ke2 Nc7 22. Nf2 b5 23. Rxd4 Rxd4 24. axb5 cxb5 25. Bd3 a4 26. Ra1 Rb4 27. Nd1 axb3 28. Ra7 b2 29. Nxb2 Rxb2 30. Rxb7 Kd6 31. Rb8 e5 32. Rd8+ Ke7 33. Rb8 b4 34. Rb7 Kd6 35. Ke3 f6 36. g3 h6 37. f4 Ne6 38. Rb6+ Ke7 39. Rb7+ Kd6 40. Kd2 exf4 41. Kc1 fxg3 42. hxg3 Nc5 43. Rxg7 Ra2 44. Rg6 Ke5 45. Rxh6 Ra1+ 46. Kb2 Ra3 47. Rh5+ Kd6 48. Rd5+ Kc6 49. Rd4 Nxd3+ 50. cxd3 Kc5 51. Rd5+ Kc6 52. Kc2 Ra2+ 53. Kb3 Rg2 54. Kxb4 Rxg3 55. Kc4 Rg6 56. Kd4 Rg3 57. Kc4 Rg6 58. Kc3 Rg2 59. Rd8 Kc7 60. Rd5 Kc6 61. Kd4 Rg3 62. Rf5 Rg6 63. Ke3 Kd6 64. d4 Ke6 65. Ra5 Rg4 66. Ra6+ Ke7 67. Kd3 Rf4 68. d5 Rg4 69. Ke3 Rh4 70. Kf3 Kf7 71. Ra7+ Ke8 72. Rg7 f5 73. e5 Re4 74. e6 Rd4 75. Rd7 1-0

[Event "CAN-ch post-secondary"]
[Site "Kingston CAN"]
[Date "2009.01.17"]
[Round "3"]
[White "Gottlieb, Jonathan"]
[Black "Derraugh, Geordie"]
[Result "1-0"]
[WhiteElo "2154"]
[BlackElo "2090"]
[PlyCount "151"]
[GameId "2160767910273302"]
[EventDate "2009.01.16"]
[EventType "team"]
[EventRounds "5"]
[EventCountry "CAN"]
[SourceTitle "EXT 2011"]
[Source "ChessBase"]
[SourceDate "2011.11.26"]
[SourceVersion "1"]
[SourceVersionDate "2011.11.26"]
[SourceQuality "1"]

1. e4 e5 2. Nf3 Nc6 3. Bc4 Bc5 4. c3 Nf6 5. d4 exd4 6. cxd4 Bb4+ 7. Bd2 Nxe4 8. Bxb4 Nxb4 9. Bxf7+ Kxf7 10. Qb3+ Kf8 11. Qxb4+ Qe7 12. Qxe7+ Kxe7 13. O-O Re8 14. Re1 Kf8 15. Na3 c6 16. d5 Nf6 17. Rxe8+ Nxe8 18. Re1 d6 19. dxc6 bxc6 20. Nd4 Bd7 21. b3 Rb8 22. Kf1 a5 23. Re3 a4 24. Ke2 axb3 25. axb3 d5 26. Rc3 Nf6 27. f3 Rc8 28. b4 Ke7 29. Nac2 Kd6 30. Rc5 Rb8 31. Ra5 g5 32. Kd2 g4 33. Ra6 gxf3 34. gxf3 Ne8 35. Kc3 Nc7 36. Ra7 Rf8 37. Kd3 Rg8 38. Ne3 Rg5 39. Ra2 Ne8 40. Ra6 Nc7 41. Ra2 Rg1 42. Rf2 Ne8 43. Rd2 Ng7 44. Ra2 Nh5 45. Ra6 Nf4+ 46. Kc3 Kc7 47. Ra7+ Kc8 48. Ra8+ Kc7 49. Rf8 Ne6 50. Rf7 Nxd4 51. Kxd4 Rb1 52. Rxh7 Rxb4+ 53. Ke5 Rb3 54. Kf4 Kd6 55. h4 Rb4+ 56. Kg5 d4 57. Nf1 Rb1 58. Nd2 Rg1+ 59. Kf4 Be6 60. Ne4+ Kd5 61. Rh5+ Kc4 62. Rc5+ Kd3 63. Rxc6 Bd5 64. Nf2+ Ke2 65. Rc2+ Kf1 66. Nd3 Rg8 67. h5 Rf8+ 68. Ke5 Rxf3 69. Rc1+ Ke2 70. Nf4+ Rxf4 71. Kxf4 d3 72. h6 d2 73. Rg1 Bg8 74. Rg2+ Ke1 75. Rxg8 d1=Q 76. Rg1+ 1-0

[Event "CAN-ch post-secondary"]
[Site "Kingston CAN"]
[Date "2009.01.18"]
[Round "5"]
[White "Morrison, Kyle"]
[Black "Cheng, Bindi"]
[Result "1-0"]
[WhiteElo "2240"]
[BlackElo "2369"]
[PlyCount "57"]
[GameId "2160767910273309"]
[EventDate "2009.01.16"]
[EventType "team"]
[EventRounds "5"]
[EventCountry "CAN"]
[SourceTitle "EXT 2011"]
[Source "ChessBase"]
[SourceDate "2011.11.26"]
[SourceVersion "1"]
[SourceVersionDate "2011.11.26"]
[SourceQuality "1"]

1. d4 d5 2. c4 c6 3. Nc3 Nf6 4. e3 e6 5. Nf3 Nbd7 6. Bd3 dxc4 7. Bxc4 b5 8. Bd3 Bb7 9. O-O a6 10. e4 c5 11. d5 c4 12. Bc2 Qc7 13. dxe6 fxe6 14. Ng5 Qc6 15. Qf3 h6 16. Qh3 Nc5 17. Be3 hxg5 18. Qxh8 O-O-O 19. Rfd1 Ncd7 20. Qh3 g4 21. Qg3 Be7 22. b3 b4 23. Na4 e5 24. bxc4 Qe6 25. Ba7 Rh8 26. c5 Nxe4 27. Qe3 Bg5 28. Qb3 g3 29. Bxe4 1-0

[Event "CAN-ch post-secondary"]
[Site "Kingston CAN"]
[Date "2009.01.18"]
[Round "5"]
[White "Rachar, Sean"]
[Black "Kapadia, Ronak"]
[Result "0-1"]
[WhiteElo "1904"]
[BlackElo "2171"]
[PlyCount "60"]
[GameId "2160767910273310"]
[EventDate "2009.01.16"]
[EventType "team"]
[EventRounds "5"]
[EventCountry "CAN"]
[SourceTitle "EXT 2011"]
[Source "ChessBase"]
[SourceDate "2011.11.26"]
[SourceVersion "1"]
[SourceVersionDate "2011.11.26"]
[SourceQuality "1"]

1. d4 d5 2. c4 c6 3. Nf3 Nf6 4. Nc3 g6 5. e3 Bg7 6. b3 O-O 7. g3 Bg4 8. Bg2 Ne4 9. Qc2 Qa5 10. Bb2 Bf5 11. Nh4 Nxg3 12. Nxf5 Nxf5 13. cxd5 cxd5 14. Bxd5 Nd6 15. h4 Nd7 16. h5 e6 17. Bf3 Rac8 18. hxg6 hxg6 19. Ke2 Nb5 20. Kd2 Rfd8 21. Rag1 Nf8 22. Bh5 Bxd4 23. Bxg6 Bxc3+ 24. Ke2 fxg6 25. Rxg6+ Kf7 26. Qe4 Nd4+ 27. exd4 Qb5+ 28. Ke3 Nxg6 29. Rh7+ Kf6 30. Ba3 Bxd4+ 0-1

[Event "CAN-ch w"]
[Site "Kitchener CAN"]
[Date "2009.07.31"]
[Round "1"]
[White "Kagramanov, Dalia"]
[Black "Starr (Shterenberg), Nava"]
[Result "0-1"]
[WhiteElo "1969"]
[BlackElo "2075"]
[PlyCount "66"]
[GameId "2160767910093404"]
[EventDate "2009.07.31"]
[EventType "tourn"]
[EventRounds "7"]
[EventCountry "CAN"]

1. e4 g6 2. d4 Bg7 3. Nf3 c6 4. Bd3 d5 5. e5 Nh6 6. h3 O-O 7. Bf4 f6 8. Nbd2 Nf7 9. Qe2 Qb6 10. Nb3 a5 11. Rb1 Na6 12. c3 Nc7 13. Nc5 Ne8 14. O-O Qd8 15. b4 a4 16. Bc2 b6 17. Bxa4 bxc5 18. Bxc6 Ra3 19. bxc5 Ba6 20. Bb5 Bxb5 21. Rxb5 Qa8 22. Ra1 fxe5 23. Bxe5 Nxe5 24. Nxe5 Nf6 25. f3 Rxc3 26. a4 Bh6 27. Qb2 Be3+ 28. Kh1 Bxd4 29. Ng4 Nxg4 30. hxg4 Rc4 31. Qa2 Bxa1 32. Qxa1 Qxa4 33. Qb1 Qc2 0-1

[Event "CAN-ch w"]
[Site "Kitchener CAN"]
[Date "2009.08.04"]
[Round "1"]
[White "Kagramanov, Dina"]
[Black "Serbanescu, Natasa"]
[Result "1-0"]
[WhiteElo "2093"]
[BlackElo "1849"]
[PlyCount "61"]
[GameId "2160767910093405"]
[EventDate "2009.07.31"]
[EventType "tourn"]
[EventRounds "7"]
[EventCountry "CAN"]
[SourceTitle "EXT 2011"]
[Source "ChessBase"]
[SourceDate "2011.11.26"]
[SourceVersion "1"]
[SourceVersionDate "2011.11.26"]
[SourceQuality "1"]

1. e4 c5 2. Nf3 Nc6 3. Bb5 d6 4. O-O e5 5. c3 Nf6 6. d4 Qc7 7. d5 a6 8. Ba4 b5 9. dxc6 bxa4 10. Qxa4 Be7 11. Re1 O-O 12. c4 Bg4 13. Nc3 Bd8 14. Nd5 Qa5 15. Qd1 Nxd5 16. cxd5 Bxf3 17. gxf3 f5 18. f4 Bf6 19. exf5 Rae8 20. Bd2 Qd8 21. Qh5 e4 22. Bc3 Bxc3 23. bxc3 Qf6 24. Re3 Qxf5 25. Qxf5 Rxf5 26. c4 Rxf4 27. Rb1 Ref8 28. Re2 e3 29. Rxe3 Rxf2 30. Rbe1 Rxa2 31. c7 1-0

[Event "CAN-ch w"]
[Site "Kitchener CAN"]
[Date "2009.08.04"]
[Round "1"]
[White "Kalaydina, Regina Veronicka"]
[Black "Lacau Rodean, Iulia"]
[Result "1-0"]
[WhiteElo "1879"]
[BlackElo "2035"]
[PlyCount "107"]
[GameId "2160767910093406"]
[EventDate "2009.07.31"]
[EventType "tourn"]
[EventRounds "7"]
[EventCountry "CAN"]
[SourceTitle "EXT 2011"]
[Source "ChessBase"]
[SourceDate "2011.11.26"]
[SourceVersion "1"]
[SourceVersionDate "2011.11.26"]
[SourceQuality "1"]

1. e4 c5 2. Nf3 d6 3. d4 cxd4 4. Nxd4 Nf6 5. f3 a6 6. c4 e5 7. Nb3 Be7 8. Be3 O-O 9. Be2 b6 10. Nc3 Bb7 11. O-O Nbd7 12. a4 a5 13. Qc2 Rc8 14. Rfd1 Ba6 15. Nb5 Bxb5 16. axb5 Qc7 17. Nc1 Nc5 18. Na2 h6 19. b4 Nb7 20. Rac1 Rfd8 21. bxa5 Nxa5 22. Nb4 Qb7 23. Bf1 Rd7 24. g3 Rdd8 25. Qf2 Nb3 26. Rb1 Nc5 27. Nc6 Re8 28. Nxe7+ Qxe7 29. Qd2 Red8 30. Qb4 Ra8 31. Ra1 Qb7 32. Qc3 Rxa1 33. Rxa1 Ra8 34. Bxc5 Rxa1 35. Qxa1 dxc5 36. Qxe5 Qa7 37. Qd6 Qa3 38. Qb8+ Kh7 39. Qf4 Qc3 40. e5 Ne8 41. Qxf7 Qd4+ 42. Kg2 Qd2+ 43. Kh3 Qd8 44. Qf5+ Kg8 45. Bd3 h5 46. Be4 Nc7 47. e6 Qf6 48. Qxf6 gxf6 49. Bf5 Kf8 50. Kh4 Ke7 51. Kxh5 Nxe6 52. Bxe6 Kxe6 53. Kg6 Ke5 54. h4 1-0